1579 1778 1208 1908 1789 1487 1006 1915 1595 1482 1392 1912 1402 1319 1161 1279 1706 1595 1419 1170 1197 1661 1661 1298 1953 1961 1504 1827 1271 1625 1950 1173 1962 1569 1269 1588 1398 1671 1824 1314 1750 1119 1146 1158 1092 1851 1688 1697 1791 1029 1006 1526 1866 1463 1165 1465 1051 1168 1531 1615 1110 1666 1489 1448 1629 1339 1095 1040 1062 1650 1281 1143 1700 1531 1639 1855 1611 1548 1884 1379 1474 1148 1585 1530 1693 1877 1295 1307 1332 1226 1984 1720 1602 1695 1264 1998 1794 1307 1334 BCNSPRNW ULIB Ver.6.0+V

เปลี่ยนเป็นภาษาไทย

Change to English
 แสดงรายละเอียดบรรณานุกรม
  กลับหน้าหลัก

Brief Record : Get Marc (ISO 2709) : E-mail record : QR code < ปิดหน้าต่าง
LEADER : 00000nam 2200000uu 4500
001    13399122501
003     ULIB
008    020711s2553 th a 000 0 tha d
020    9786167345116
090    นว.^bว285ส
100    วาสนา
110    ลีลาวดี
245    สาวมะนาวหวาน/^cวาสนา
250    พิมพ์ครั้งที่ 1
260    กรุงเทพฯ :^bลีลาวดี,^c2553
300    192 หน้า
945    ^p159^l0^i19960
999    ^aทศพร เกษรทอง
รายการนี้ยังไม่มีแท็ก
คุณยังไม่ได้ล็อกอิน คุณสามารถมีกิจกรรมร่วมกับเว็บไซต์ได้ แต่ต้องล็อกอินก่อน ::
  ล็อกอิน

รายการสื่อสารสนเทศ

ลำดับที่ ประเภท เลขเรียก/บาร์โค้ด สถานที่ สถานะ
1. นวนิยาย
นวนิยาย
นว. ว285ส ฉ.1 
  Barcode: 19960
ห้องสมุดวิทยาเขตสวรรค์ประชารักษ์
►นวนิยาย
บนชั้น
  ขอยืม

รายการใกล้เคียง
    ผู้แต่ง [วาสนา]

BibComment


ยังไม่เคยถูกคอมเมนท์

คอมเมนท์ทรัพยากรรายการนี้
  คอมเมนท์: สาวมะนาวหวาน วาสนา


 Copyright 2026. Bcnsprnw @Library